1379 1380 1419 1603 1982 1387 1483 1728 1022 1698 1071 1185 1166 1368 1237 1744 1391 1939 1605 1113 1085 1386 1550 1457 1402 1512 1888 1056 1059 1695 1954 1914 1564 1155 1393 1755 1770 1046 1254 1892 1659 1130 1100 1599 1612 1457 1734 1911 1223 1466 1335 1094 1361 1424 1645 1272 1720 1849 1591 1980 1742 1768 1807 1773 1745 1646 1460 1184 1882 1437 1926 1830 1112 1465 1125 1906 1881 1343 1352 1718 1354 1176 1103 1635 1970 1512 1782 1540 1019 1598 1450 1012 1177 1018 1471 1627 1098 1639 1164 BCNSPRNW ULIB Ver.6.0+V

เปลี่ยนเป็นภาษาไทย

Change to English
 แสดงรายละเอียดบรรณานุกรม
  กลับหน้าหลัก

Brief Record : Get Marc (ISO 2709) : E-mail record : QR code < ปิดหน้าต่าง
LEADER : 00000nam 2200000uu 4500
001    13399111854
003     ULIB
008    110627s2552||||th 000 0 tha d
020    9786165000055
090    นว.^bณ399ส 2552
100 0  ณารา
245 00 สายเลือดแดนตะวัน/^cณารา
250    พิมพ์ครั้งที่ 4
260    กรุงเทพฯ :^bพิมพ์คำ,^c2552
300    551 หน้า
945    ^p340^l0^i026733
995    ทศพร
999 ^a ใช้งานได้ทุกระบบ
รายการนี้ยังไม่มีแท็ก
คุณยังไม่ได้ล็อกอิน คุณสามารถมีกิจกรรมร่วมกับเว็บไซต์ได้ แต่ต้องล็อกอินก่อน ::
  ล็อกอิน

รายการสื่อสารสนเทศ

ลำดับที่ ประเภท เลขเรียก/บาร์โค้ด สถานที่ สถานะ
- ไม่พบข้อมูล -

รายการใกล้เคียง
    ผู้แต่ง [ณารา]

BibComment


ยังไม่เคยถูกคอมเมนท์

คอมเมนท์ทรัพยากรรายการนี้
  คอมเมนท์: สายเลือดแดนตะวัน ..


 Copyright 2026. Bcnsprnw @Library